000 02484nam a22003497a 4500
001 1318
005 20230815143812.0
008 230815b cb ||||| |||| 00| 0 khr d
020 _a9789924341703
040 _aFISKH
_beng
_cFISKH
_dFISKH
082 _a333.952
100 _aRecamier, Francoise
245 _aជីវៈចម្រុះនៅតំបន់ជួរភ្នំក្រវាញ /
_cនិពន្ធដោយ Francoise Recamier, Nathalie Tordjman និង ឡាច រតនា
260 _aPhnom Penh :
_bSipar,
_c2023.
300 _a35 pages :
_bmaps ; color illustrations ;
_c25 cm
490 _aស្វែងយល់ពី
505 _aZ
520 _aជួរភ្នំក្រវាញគ្របដណ្ដប់ដោយព្រៃដែលមានធនធានយ៉ាងសម្បូរបែប ព្រោះវាជាជម្រករបស់ពពួករក្ខជាតិ និងសត្វកម្រជាច្រើនប្រភេទ ព្រមទាំងមានទឹកជ្រោះសម្រាប់ទាក់ទាញភ្ញៀវទេសចរណ៍ឳ្យមកកម្សាន្តទៀតផង។ តំបន់អភិរក្សជាច្រើនត្រូវបានបង្កើតឡើងក្នុងតំបន់នេះ ដើម្បីការពារ សង្គ្រោះសត្វ និងរុក្ខជាតិ។
520 _aThe Cardamom Mountains are covered with forests that are rich in resources because they are home to many species of animals and rare species, as well as waterfalls to attract tourists to visit. Many conservation areas have been established in the area to protect wildlife.
521 _a890
_bLexile estimate
521 _aZ
_bRaz-Plus
650 _aជួរភ្នំក្រវាញ
_vធនធាន
_xរុក្ខជាតិ
_yការពារ
650 _aCardamom Mountains
_vresource
_xspecies
_yprotect
700 _aTordjman, Nathalie
_cAuthor
700 _aRathna, Larg
_cAuthor
700 _aChanneng, Pat
_ba map page 6
_cillustrator
700 _aSokpheng, Meng
_ba map page 12 & 28
_cillustrator
700 _aVisoth, Seng
_bPicture page 10,11, 20,21, 26,27, 31,33
_cillustrator
700 _aVisal, Seng
_bCover page 8,9 ; 16,17,18,19
_cillustrator
700 _aRotha, Ouk
_bPicture page 30
_cillustrator
942 _2ddc
_cBK
_n0
999 _c1318
_d1318